Совершенствование образовательной деятельности НИУ "БелГУ" на основе концепции практико-ориентированного обучения; Инженерное образование; № 13
| Parent link: | Инженерное образование: электронный научный журнал/ Ассоциация инженерного образования России (АИОР).— : [Б. и.], 2003-.— 1810-2883 № 13.— 2013.— [С. 110-114] |
|---|---|
| 1. Verfasser: | |
| Weitere Verfasser: | , |
| Zusammenfassung: | Заглавие с титульного листа Эффективность взаимодействия вуза и работодателя определяет степень соответствия качества подготовки выпускников требованиям работодателя, востребованность выпускников на рынке труда и эффективность использования кадрового потенциала. Создание условий в системе профессионального образования для успешной реализации практико-ориентированного обучения, позволит повысить конкурентоспособность выпускников на рынке труда и укрепить позицию высшего учебного заведения в системе профессионального образования. |
| Sprache: | Russisch |
| Veröffentlicht: |
2013
|
| Schriftenreihe: | Дискуссии, опыт |
| Schlagworte: | |
| Online-Zugang: | https://old.aeer.ru/files/io/m13/art_18.pdf |
| Format: | MixedMaterials Elektronisch Buchkapitel |
| KOHA link: | https://koha.lib.tpu.ru/cgi-bin/koha/opac-detail.pl?biblionumber=537623 |
MARC
| LEADER | 00000naa2a2200000 4500 | ||
|---|---|---|---|
| 001 | 537623 | ||
| 005 | 20250520135000.0 | ||
| 035 | |a (RuTPU)RU\TPU\prd\227072 | ||
| 035 | |a RU\TPU\prd\227057 | ||
| 090 | |a 537623 | ||
| 100 | |a 20141205a2013 k y0rusy50 ca | ||
| 101 | 0 | |a rus | |
| 102 | |a RU | ||
| 135 | |a drnn ---uucaa | ||
| 181 | 0 | |a i | |
| 182 | 0 | |a b | |
| 200 | 1 | |a Совершенствование образовательной деятельности НИУ "БелГУ" на основе концепции практико-ориентированного обучения |b Электронный ресурс |f А. В. Маматов, А. Н. Немцев, Л. А. Кадуцкая | |
| 203 | |a Текст |c электронный | ||
| 215 | |a 1 файл (632 Кб) | ||
| 225 | 1 | |a Дискуссии, опыт | |
| 230 | |a Электронные текстовые данные (1 файл : 632 Кб) | ||
| 300 | |a Заглавие с титульного листа | ||
| 320 | |a [Библиогр.: с. 114 (3 назв.)] | ||
| 330 | |a Эффективность взаимодействия вуза и работодателя определяет степень соответствия качества подготовки выпускников требованиям работодателя, востребованность выпускников на рынке труда и эффективность использования кадрового потенциала. Создание условий в системе профессионального образования для успешной реализации практико-ориентированного обучения, позволит повысить конкурентоспособность выпускников на рынке труда и укрепить позицию высшего учебного заведения в системе профессионального образования. | ||
| 337 | |a Adobe Reader | ||
| 461 | 1 | |0 (RuTPU)RU\TPU\prd\176632 |x 1810-2883 |t Инженерное образование |o электронный научный журнал |f Ассоциация инженерного образования России (АИОР) |n [Б. и.] |d 2003- | |
| 463 | 1 | |0 (RuTPU)RU\TPU\prd\1131 |t № 13 |v [С. 110-114] |d 2013 | |
| 610 | 1 | |a инженерное образование | |
| 610 | 1 | |a электронный ресурс | |
| 610 | 1 | |a вузы | |
| 610 | 1 | |a практико-ориентированное обучение | |
| 610 | 1 | |a рынок труда | |
| 610 | 1 | |a концепции | |
| 610 | 1 | |a конкурентоспособность | |
| 610 | 1 | |a профессиональное образование | |
| 610 | 1 | |a выпускники | |
| 700 | 1 | |a Маматов |b А. В. | |
| 701 | 1 | |a Немцев |b А. Н. | |
| 701 | 1 | |a Кадуцкая |b Л. А. | |
| 801 | 1 | |a RU |b 63413507 |c 20090623 |g PSBO | |
| 801 | 2 | |a RU |b 63413507 |c 20160227 |g PSBO | |
| 856 | 4 | |u https://old.aeer.ru/files/io/m13/art_18.pdf | |
| 942 | |c BK | ||